Linguistic Landscape and Reading Comprehension in Foreign Languages Teaching
Jazyková krajina - skúmanie didaktického potenciálu a možnosti využitia vo výučbe cudzích jazykov (najmä v oblasti čítania s porozumením) v predgraduálnom vzdelávaní budúcich učiteľov cudzích jazykov a jeho implikácia do vyučovania na základných a stredných stupňoch vzdelávania. Príklady vyučovacích...
Gespeichert in:
| 1. Verfasser: | |
|---|---|
| Format: | Buchkapitel |
| Sprache: | Englisch |
| Schlagworte: | |
| Tags: |
Keine Tags, Fügen Sie das erste Tag hinzu!
|
MARC
| LEADER | 00000naa a2200000 4500 | ||
|---|---|---|---|
| 001 | 0267249 | ||
| 005 | 20240425115911.8 | ||
| 041 | 0 | |a eng | |
| 044 | |a CZ | ||
| 245 | 1 | 0 | |a Linguistic Landscape and Reading Comprehension in Foreign Languages Teaching |c Ivica Kolečáni Lenčová |
| 520 | |a Jazyková krajina - skúmanie didaktického potenciálu a možnosti využitia vo výučbe cudzích jazykov (najmä v oblasti čítania s porozumením) v predgraduálnom vzdelávaní budúcich učiteľov cudzích jazykov a jeho implikácia do vyučovania na základných a stredných stupňoch vzdelávania. Príklady vyučovacích techník pre prácu s jazykovou krajinou. | ||
| 610 | 2 | 0 | |a jazykoveda |
| 610 | 2 | 0 | |a krajina jazyková |
| 610 | 2 | 0 | |a jazyky cudzie |
| 610 | 2 | 0 | |a priestor |
| 610 | 2 | 0 | |a vzdelávanie |
| 100 | 1 | |a Kolečáni Lenčová, Ivica | |